| 000 | 00671nam a22002297a 4500 | ||
|---|---|---|---|
| 999 |
_c8223 _d8223 |
||
| 003 | AR-CdUCM | ||
| 008 | 190322b ||||| |||| 00| 0 spa d | ||
| 040 |
_aMUNICIPALIDAD PROVINCIAL DEL CUSCO _cBIBLIOTECA MUNICIPAL DEL CUSCO |
||
| 041 | _heng | ||
| 082 |
_a818.5 / _bW73 |
||
| 100 |
_aWister, Owen _923158 |
||
| 245 | _aEl Virginiario / | ||
| 260 |
_aBuenos Aires : _bPlaza & Janes, _c1967. |
||
| 300 |
_a525 páginas ; _bilustraciones, _c17 cm. |
||
| 505 | _aContenido: Novela | ||
| 650 |
_aLiteratura _983 |
||
| 650 |
_aNovela _95 |
||
| 650 |
_aEstadounidense _922853 |
||
| 700 |
_aMaxwell, Guillermo (traducción) _923159 |
||
| 942 |
_2ddc _cLIBROS |
||
| 945 | _aachl | ||